[Event "TUR-ch"]
[Site "Kemer"]
[Date "2011.02.13"]
[Round "10"]
[White "Aydogdu, Ataman"]
[Black "Sentug, Halil"]
[Result "1/2-1/2"]
[WhiteElo "2062"]
[BlackElo "1930"]
[PlyCount "53"]
[EventDate "2011.02.05"]
[EventType "swiss"]
[EventRounds "10"]
[EventCountry "TUR"]
[SourceTitle "CBM 140 Extra"]
[Source "ChessBase"]
[SourceDate "2011.03.01"]
[SourceVersion "1"]
[SourceVersionDate "2011.03.01"]
[SourceQuality "1"]

1. d4 Nf6 2. Nf3 g6 3. c4 Bg7 4. Nc3 0-0 5. g3 c6 6. e4 d5 7. e5 Ne8 8. cxd5 cxd5 9. Bd3 Nc6 10. Be3 f6 11. Be2 Nc7 12. exf6 Bxf6 13. Bh6 Re8 14. Qd2 Bf5 15. h4 e5 16. dxe5 Nxe5 17. Nxe5 Bxe5 18. 0-0 d4 19. Bc4+ Be6 20. Bxe6+ Nxe6 21. Ne4 Qd5 22. Rae1 Bg7 23. Bxg7 Kxg7 24. Re2 Rad8 25. Rfe1 h6 26. b3 b6 27. Qd3 1/2-1/2

[Event "TUR-ch"]
[Site "Kemer"]
[Date "2011.02.11"]
[Round "8"]
[White "Aydogdu, Ataman"]
[Black "Celebi, Orhan"]
[Result "1-0"]
[WhiteElo "2062"]
[BlackElo "1944"]
[PlyCount "79"]
[EventDate "2011.02.05"]
[EventType "swiss"]
[EventRounds "10"]
[EventCountry "TUR"]
[SourceTitle "CBM 140 Extra"]
[Source "ChessBase"]
[SourceDate "2011.03.01"]
[SourceVersion "1"]
[SourceVersionDate "2011.03.01"]
[SourceQuality "1"]

1. d4 d5 2. Nf3 Nf6 3. c4 e6 4. Nc3 c6 5. cxd5 exd5 6. Qc2 Be7 7. Bg5 Nbd7 8. e3 0-0 9. Bd3 Re8 10. 0-0 Nf8 11. Ne5 N6d7 12. Bxe7 Qxe7 13. Nxd7 Bxd7 14. Rae1 Rad8 15. f4 Qd6 16. Qf2 f5 17. Qc2 Qf6 18. Nb1 Re7 19. Nd2 Rde8 20. Nf3 Bc8 21. Ne5 g6 22. b4 Rc7 23. b5 Qd6 24. Rc1 Bd7 25. bxc6 Bxc6 26. g4 fxg4 27. Nxg4 Rec8 28. Qf2 Bd7 29. Rxc7 Rxc7 30. f5 gxf5 31. Bxf5 Bb5 32. Rb1 Be8 33. Kh1 Bg6 34. Rf1 Kg7 35. Ne5 Qf6 36. Qg2 Qh4 37. Bxg6 Nxg6 38. Qxd5 Rc2 39. Rf7+ Kh8 40. Nxg6+ 1-0

[Event "TUR-ch"]
[Site "Kemer"]
[Date "2011.02.05"]
[Round "1"]
[White "Satici, Aydin"]
[Black "Aydogdu, Ataman"]
[Result "0-1"]
[WhiteElo "1871"]
[BlackElo "2062"]
[PlyCount "72"]
[EventDate "2011.02.05"]
[EventType "swiss"]
[EventRounds "10"]
[EventCountry "TUR"]
[SourceTitle "CBM 140 Extra"]
[Source "ChessBase"]
[SourceDate "2011.03.01"]
[SourceVersion "1"]
[SourceVersionDate "2011.03.01"]
[SourceQuality "1"]

1. Nf3 Nf6 2. c4 e6 3. g3 d5 4. Bg2 Be7 5. 0-0 0-0 6. b3 b6 7. Bb2 Bb7 8. d3 Nbd7 9. Nbd2 c5 10. e3 Qc7 11. Qe2 Rfd8 12. Rac1 Rac8 13. b4 dxc4 14. Nxc4 cxb4 15. Na5 Qb8 16. Nxb7 Qxb7 17. Ne5 Nd5 18. Qh5 Nxe5 19. Bxe5 f6 20. Qg4 Qd7 21. Bd4 Nc3 22. Bh3 Rc6 23. a3 a5 24. Rc2 Qc7 25. Bg2 Nd5 26. Rxc6 Qxc6 27. axb4 axb4 28. e4 Nc3 29. e5 Rxd4 30. Qxd4 Ne2+ 31. Kh1 Qxg2+ 32. Kxg2 Nxd4 33. exf6 Bxf6 34. f4 b3 35. Kf2 b2 36. Ke3 Nc2+ 0-1

[Event "TUR-chT"]
[Site "Konya"]
[Date "2010.07.07"]
[Round "11"]
[White "Aydogdu, Ataman"]
[Black "Esen, Nejdet"]
[Result "0-1"]
[WhiteElo "2083"]
[BlackElo "1969"]
[PlyCount "88"]
[EventDate "2010.06.29"]
[EventType "team-tourn"]
[EventRounds "13"]
[EventCountry "TUR"]
[SourceTitle "CBM 137 Extra"]
[Source "ChessBase"]
[SourceDate "2010.09.01"]
[SourceVersion "1"]
[SourceVersionDate "2010.09.01"]
[SourceQuality "1"]

1. d4 Nf6 2. Nf3 g6 3. c4 Bg7 4. Nc3 d5 5. Qb3 dxc4 6. Qxc4 0-0 7. e4 Na6 8. Be2 c5 9. d5 e6 10. 0-0 exd5 11. exd5 b6 12. Rd1 Nc7 13. d6 Ne6 14. Be3 Bb7 15. Ng5 Nd4 16. Bxd4 cxd4 17. Nb5 Ne8 18. Nf3 Nxd6 19. Nxd6 Qxd6 20. Nxd4 Rac8 21. Qa4 a6 22. Nf5 Qe5 23. Ne3 b5 24. Qg4 Qxb2 25. a4 h5 26. Qd7 Qxe2 27. Qxb7 Bxa1 28. Rxa1 bxa4 29. g3 Qb5 30. Qe4 Rfe8 31. Qf4 a3 32. Rxa3 Rc1+ 33. Kg2 Qc6+ 34. Kh3 Rc5 35. Rd3 Qe6+ 36. g4 hxg4+ 37. Nxg4 Rc4 38. Rd4 Rec8 39. Kg3 Rxd4 40. Qxd4 f5 41. Nf6+ Kf7 42. Nd7 Re8 43. Qa4 Re7 44. Nb8 Qd6+ 0-1

[Event "Wch U20"]
[Site "Gaziantep"]
[Date "2008.08.08"]
[Round "7"]
[White "McPhillips, Karl"]
[Black "Aydogdu, Ataman"]
[Result "1-0"]
[WhiteElo "2221"]
[BlackElo "2050"]
[PlyCount "73"]
[EventDate "2008.08.03"]
[EventType "swiss"]
[EventRounds "13"]
[EventCountry "TUR"]
[SourceTitle "CBM 125 Extra"]
[Source "ChessBase"]
[SourceDate "2008.09.01"]
[SourceVersion "1"]
[SourceVersionDate "2008.09.01"]
[SourceQuality "1"]

1. d4 Nf6 2. c4 e6 3. Nf3 Bb4+ 4. Nbd2 0-0 5. e3 d6 6. Bd3 Bxd2+ 7. Bxd2 Qe7 8. e4 e5 9. d5 Bg4 10. b4 Nxe4 11. Bxe4 f5 12. h3 fxe4 13. hxg4 exf3 14. gxf3 Qf6 15. g5 Qxf3 16. Qxf3 Rxf3 17. Ke2 Rf5 18. Rh4 Nd7 19. Rah1 Nf8 20. a4 c6 21. Be3 cxd5 22. cxd5 Rc8 23. Kd3 Rf7 24. Rc4 Rxc4 25. Kxc4 a6 26. b5 axb5+ 27. Kxb5 Ng6 28. a5 Nf4 29. Rd1 h5 30. Bxf4 Rxf4 31. Kb6 Rb4+ 32. Kc7 Rb5 33. Kxd6 Rxa5 34. Ke7 e4 35. g6 h4 36. Rc1 Ra8 37. d6 1-0

[Event "Wch U20"]
[Site "Gaziantep"]
[Date "2008.08.06"]
[Round "5"]
[White "Pacher, Milan"]
[Black "Aydogdu, Ataman"]
[Result "1-0"]
[WhiteElo "2361"]
[BlackElo "2050"]
[PlyCount "103"]
[EventDate "2008.08.03"]
[EventType "swiss"]
[EventRounds "13"]
[EventCountry "TUR"]
[SourceTitle "CBM 125 Extra"]
[Source "ChessBase"]
[SourceDate "2008.09.01"]
[SourceVersion "1"]
[SourceVersionDate "2008.09.01"]
[SourceQuality "1"]

1. e4 c5 2. Nf3 e6 3. d4 cxd4 4. Nxd4 a6 5. Bd3 Nf6 6. 0-0 Qc7 7. Qe2 d6 8. c4 g6 9. Nc3 Bg7 10. Be3 0-0 11. Rac1 Nc6 12. Rfd1 Nd7 13. Bb1 Rd8 14. Nxc6 Qxc6 15. Bg5 f6 16. Bf4 Bf8 17. a3 Nc5 18. Ba2 e5 19. Be3 Be6 20. f3 a5 21. b4 axb4 22. axb4 Nd7 23. Bb3 Ra3 24. Qb2 Rda8 25. Nb1 Ra1 26. c5 dxc5 27. b5 Qb6 28. Rxd7 Bh6 29. Bxh6 c4+ 30. Qf2 Qxf2+ 31. Kxf2 Bxd7 32. Rxc4 Be6 33. Rc8+ Rxc8 34. Bxe6+ Kh8 35. Bxc8 Rxb1 36. Bxb7 Rxb5 37. Bd5 Rb2+ 38. Kg3 Rc2 39. h4 Rb2 40. Kh3 Rc2 41. g3 Rc3 42. Kg4 Rd3 43. Bf7 Rd7 44. Bd5 Ra7 45. h5 Rc7 46. Bf8 gxh5+ 47. Kxh5 Rc3 48. Kh6 Rc7 49. g4 Ra7 50. Be6 Rc7 51. g5 fxg5 52. Bd6 1-0

[Event "TUR-chT"]
[Site "Kocaeli"]
[Date "2008.06.28"]
[Round "8"]
[White "Aydogdu, Ataman"]
[Black "Kilicbay, Mustafa"]
[Result "1-0"]
[WhiteElo "2050"]
[BlackElo "1937"]
[PlyCount "55"]
[EventDate "2008.06.24"]
[EventType "team"]
[EventRounds "15"]
[EventCountry "TUR"]
[SourceTitle "CBM 125 Extra"]
[Source "ChessBase"]
[SourceDate "2008.09.01"]
[SourceVersion "1"]
[SourceVersionDate "2008.09.01"]
[SourceQuality "1"]

1. d4 Nf6 2. Nf3 g6 3. c4 d5 4. e3 Bg7 5. Nc3 0-0 6. h3 e6 7. b4 Nbd7 8. Qb3 c6 9. a4 Ne4 10. Bb2 f5 11. Bd3 Kh8 12. Ne2 g5 13. a5 Ndf6 14. Ne5 Nh5 15. g4 Nxf2 16. Kxf2 fxg4+ 17. Kg2 Bxe5 18. dxe5 Rf3 19. hxg4 dxc4 20. Bxc4 Qf8 21. Raf1 Rxf1 22. Rxf1 Nf4+ 23. exf4 b5 24. Bxe6 Bb7 25. a6 Bxa6 26. Bg8 c5 27. Qf7 Qxg8 28. e6+ 1-0

[Event "Wch U16"]
[Site "Kemer"]
[Date "2007.11.28"]
[Round "11"]
[White "Yilmaz, Mustafa"]
[Black "Aydogdu, Ataman"]
[Result "1-0"]
[WhiteElo "2247"]
[BlackElo "1957"]
[PlyCount "87"]
[EventDate "2007.11.18"]
[EventType "swiss"]
[EventRounds "11"]
[EventCountry "TUR"]
[SourceTitle "CBM 121 Extra"]
[Source "ChessBase"]
[SourceDate "2008.01.10"]
[SourceVersion "1"]
[SourceVersionDate "2008.01.10"]
[SourceQuality "1"]

1. e4 c5 2. Nf3 e6 3. d4 cxd4 4. Nxd4 a6 5. Bd3 Qc7 6. 0-0 Nf6 7. Qe2 d6 8. c4 Nbd7 9. Nc3 Ne5 10. Kh1 Nfd7 11. f4 Nxd3 12. Qxd3 g6 13. Be3 Bg7 14. Nb3 0-0 15. Rad1 Re8 16. Qxd6 Qxd6 17. Rxd6 b5 18. c5 Bf8 19. Rd3 b4 20. Na4 Nf6 21. Nb6 Rb8 22. c6 Nxe4 23. c7 Rb7 24. Rd8 Nd6 25. Nxc8 Rxc7 26. Rc1 Rd7 27. Rxe8 Nxe8 28. Bd4 Bg7 29. Bxg7 Kxg7 30. h3 Nf6 31. Nb6 Rd3 32. Nc4 Nh5 33. Ne5 Re3 34. Rc7 g5 35. Rxf7+ Kg8 36. Rd7 gxf4 37. Rd8+ Kg7 38. Rd7+ Kf8 39. Nf3 Ng3+ 40. Kh2 e5 41. Rd1 e4 42. Nfd4 Kf7 43. Nc1 Nh5 44. Nf5 1-0

[Event "Wch U16"]
[Site "Kemer"]
[Date "2007.11.21"]
[Round "4"]
[White "Aydogdu, Ataman"]
[Black "Reimanis, Ritvars"]
[Result "0-1"]
[WhiteElo "1957"]
[BlackElo "2147"]
[PlyCount "96"]
[EventDate "2007.11.18"]
[EventType "swiss"]
[EventRounds "11"]
[EventCountry "TUR"]
[SourceTitle "CBM 121 Extra"]
[Source "ChessBase"]
[SourceDate "2008.01.10"]
[SourceVersion "1"]
[SourceVersionDate "2008.01.10"]
[SourceQuality "1"]

1. d4 Nf6 2. c4 e6 3. Nc3 Bb4 4. Qc2 c5 5. e3 0-0 6. Bd3 cxd4 7. exd4 d5 8. Nge2 dxc4 9. Bxc4 Nc6 10. Be3 Bxc3+ 11. bxc3 Nd5 12. 0-0 Bd7 13. Bd3 h6 14. Bd2 Rc8 15. a3 Qf6 16. Rab1 b6 17. Bb5 Rfd8 18. Qe4 Nce7 19. Bd3 Ng6 20. c4 Nde7 21. Bc3 Bc6 22. Qg4 Qg5 23. h3 Qxg4 24. hxg4 Ne5 25. dxe5 Rxd3 26. Rbc1 Bb7 27. Nf4 Rd7 28. Bb4 Ba6 29. Rfd1 Rxd1+ 30. Rxd1 Nc6 31. Bd6 Bxc4 32. Nh5 Be2 33. Rd2 Bxg4 34. Ng3 Na5 35. f3 Bf5 36. Nxf5 exf5 37. Bb4 Nc4 38. Rd7 Nxe5 39. Rxa7 Nc6 40. Rb7 Nxb4 41. axb4 Rc6 42. Kf2 f4 43. Ke2 Rd6 44. b5 g5 45. Rc7 Rd5 46. Rc6 Rxb5 47. Rxh6 Rb2+ 48. Kf1 Kg7 0-1

[Event "Wch U16"]
[Site "Kemer"]
[Date "2007.11.20"]
[Round "3"]
[White "Rajesh, VAV"]
[Black "Aydogdu, Ataman"]
[Result "1/2-1/2"]
[WhiteElo "2189"]
[BlackElo "1957"]
[PlyCount "89"]
[EventDate "2007.11.18"]
[EventType "swiss"]
[EventRounds "11"]
[EventCountry "TUR"]
[SourceTitle "CBM 121 Extra"]
[Source "ChessBase"]
[SourceDate "2008.01.10"]
[SourceVersion "1"]
[SourceVersionDate "2008.01.10"]
[SourceQuality "1"]

1. d4 Nf6 2. c4 e6 3. Nf3 Bb4+ 4. Bd2 Qe7 5. a3 Bxd2+ 6. Nbxd2 d6 7. e4 e5 8. Bd3 0-0 9. 0-0 a5 10. Qc2 Nc6 11. d5 Nb8 12. b4 Na6 13. c5 axb4 14. Bxa6 Rxa6 15. axb4 Rxa1 16. Rxa1 Bg4 17. Ra7 Rb8 18. h3 Bh5 19. Nh4 Be2 20. Nf5 Qd8 21. Nb3 Ba6 22. Na5 g6 23. Ne3 Qc8 24. cxd6 cxd6 25. Qxc8+ Rxc8 26. Nxb7 Rc1+ 27. Kh2 Bxb7 28. Rxb7 Nxe4 29. f3 Nd2 30. Rb6 f5 31. Rc6 Rb1 32. Nc4 Nf1+ 33. Kg1 f4 34. Kf2 Ng3 35. Nd2 Rb2 36. Ke1 Nf5 37. Ne4 Rb1+ 38. Kd2 Rxb4 39. Kc3 Rd4 40. Rc7 Kf8 41. Rxh7 Rxd5 42. h4 Ng3 43. Nf6 Rd4 44. Rd7 Nf5 45. Nh7+ 1/2-1/2

[Event "EU-chT U18 7th"]
[Site "Subotica"]
[Date "2007.07.10"]
[Round "3"]
[White "Aydogdu, Ataman"]
[Black "Gabric, Goran"]
[Result "1/2-1/2"]
[WhiteElo "1964"]
[BlackElo "2033"]
[PlyCount "117"]
[EventDate "2007.07.08"]
[EventType "team-swiss"]
[EventRounds "7"]
[EventCountry "YUG"]
[SourceTitle "EXT 2020"]
[Source "ChessBase"]
[SourceDate "2019.10.17"]
[SourceVersion "1"]
[SourceVersionDate "2019.10.17"]
[SourceQuality "1"]
[WhiteTeam "Turkey U18"]
[BlackTeam "Serbia U18 III"]
[WhiteTeamCountry "TUR"]
[BlackTeamCountry "SRB"]

1. d4 d5 2. c4 e6 3. Nc3 Nf6 4. cxd5 exd5 5. Bg5 Be7 6. e3 Bf5 7. Qb3 Nbd7 8. Bxf6 Nxf6 9. Qxb7 0-0 10. Qa6 Rb8 11. Bb5 c6 12. Bxc6 Rb6 13. Qa4 Qc8 14. Bb5 a6 15. Be2 Rxb2 16. Nd1 Rb6 17. a3 Bc2 18. Qa5 Bd8 19. Qc5 Rc6 20. Qb4 a5 21. Qb5 Ne4 22. Qxd5 Bxd1 23. Qxe4 Bb3 24. f3 Rc1+ 25. Rxc1 Qxc1+ 26. Kf2 Bg5 27. h4 Bh6 28. g4 g6 29. g5 Bg7 30. Qd3 Qxa3 31. Nh3 Rc8 32. Nf4 Qa2 33. Qb1 a4 34. Qxa2 Bxa2 35. Ra1 Bb3 36. Bb5 Bf8 37. Bxa4 Ra8 38. Bxb3 Rxa1 39. h5 Rb1 40. Bc4 Rb2+ 41. Kg3 Bd6 42. hxg6 hxg6 43. Kg4 Bxf4 44. Kxf4 Kf8 45. Ke5 Ke7 46. e4 Rb4 47. Ba2 Ra4 48. Bd5 Ra1 49. Bc6 Ra5+ 50. d5 Rc5 51. Kd4 Rc1 52. e5 Rd1+ 53. Ke4 Re1+ 54. Kd4 Rd1+ 55. Ke4 Rb1 56. Kd4 Rb4+ 57. Ke3 Rb3+ 58. Ke4 Rb4+ 59. Ke3 1/2-1/2

[Event "Wch U16"]
[Site "Batumi"]
[Date "2006.10.26"]
[Round "9"]
[White "Fabre, Mathias"]
[Black "Aydogdu, Ataman"]
[Result "1-0"]
[WhiteElo "2005"]
[BlackElo "1986"]
[PlyCount "78"]
[EventDate "2006.10.19"]
[EventType "swiss"]
[EventRounds "13"]
[EventCountry "GEO"]
[SourceTitle "EXT 2007"]
[Source "ChessBase"]
[SourceDate "2006.11.23"]
[SourceVersion "1"]
[SourceVersionDate "2006.11.23"]
[SourceQuality "1"]

1. d4 Nf6 2. c4 c5 3. d5 e6 4. Nc3 exd5 5. cxd5 d6 6. e4 g6 7. Nf3 Bg7 8. h3 0-0 9. Be2 b5 10. Bxb5 Nxe4 11. Nxe4 Qa5+ 12. Nfd2 Qxb5 13. Nxd6 Qa6 14. N2c4 Be5 15. Nxe5 Qxd6 16. Nc4 Re8+ 17. Be3 Qf4 18. Rc1 Qh4 19. Qf3 Bf5 20. 0-0 Be4 21. Qd1 Rd8 22. d6 Nd7 23. Qd2 Qh5 24. Rfe1 Re8 25. Rcd1 Rad8 26. Qa5 Bd5 27. Qc3 Re4 28. b3 Rde8 29. Bc1 R8e6 30. Bb2 f6 31. f3 Rh4 32. Qd2 Rxe1+ 33. Rxe1 Rxh3 34. gxh3 Qxf3 35. Qh2 Qh5 36. Qg3 Bc6 37. Ne3 f5 38. Nc4 g5 39. Qc3 Qg6 1-0

[Event "Izmir op 5th"]
[Site "Izmir"]
[Date "2006.08.18"]
[Round "9"]
[White "Aydogdu, Ataman"]
[Black "Husnullin, Ramil"]
[Result "0-1"]
[WhiteElo "1986"]
[BlackElo "2223"]
[PlyCount "68"]
[EventDate "2006.09.10"]
[EventType "swiss"]
[EventRounds "10"]
[EventCountry "TUR"]
[SourceTitle "EXT 2007"]
[Source "ChessBase"]
[SourceDate "2006.11.23"]
[SourceVersion "1"]
[SourceVersionDate "2006.11.23"]
[SourceQuality "1"]

1. d4 f5 2. c4 Nf6 3. g3 e6 4. Bg2 c6 5. Nh3 d6 6. 0-0 Be7 7. Nc3 0-0 8. Re1 e5 9. e4 exd4 10. Qxd4 Na6 11. Bf4 Nc5 12. Rad1 Nfxe4 13. Nxe4 Nxe4 14. Bxe4 fxe4 15. Qxe4 Bf6 16. Kg2 Qb6 17. Bxd6 Bxh3+ 18. Kxh3 Rfe8 19. Qxe8+ Rxe8 20. Rxe8+ Kf7 21. Re2 Qa5 22. Kg2 Qxa2 23. c5 Qc4 24. Re3 Bxb2 25. Re7+ Kg6 26. Rxb7 Qc2 27. Re1 Bd4 28. Rbe7 Qxf2+ 29. Kh3 h5 30. Bf4 a5 31. R7e6+ Bf6 32. Rc1 Qf3 33. Re3 Qd5 34. Re2 h4 0-1

[Event "Izmir op 5th"]
[Site "Izmir"]
[Date "2006.08.13"]
[Round "4"]
[White "Hamad, Ahmad"]
[Black "Aydogdu, Ataman"]
[Result "1-0"]
[WhiteElo "2277"]
[BlackElo "1986"]
[PlyCount "47"]
[EventDate "2006.09.10"]
[EventType "swiss"]
[EventRounds "10"]
[EventCountry "TUR"]
[SourceTitle "EXT 2007"]
[Source "ChessBase"]
[SourceDate "2006.11.23"]
[SourceVersion "1"]
[SourceVersionDate "2006.11.23"]
[SourceQuality "1"]

1. d4 d5 2. Nc3 Nf6 3. Bg5 c6 4. Qd3 b5 5. a3 Nbd7 6. e4 dxe4 7. Nxe4 Nb6 8. Nf3 Qd5 9. Ng3 Be6 10. Be2 h6 11. Be3 Qd6 12. b3 g6 13. Ne5 Bg7 14. f4 Nbd5 15. Bd2 b4 16. 0-0 0-0 17. axb4 Nxb4 18. Bxb4 Qxb4 19. Nxc6 Qd6 20. Nxa7 Bd7 21. Bf3 Nd5 22. Ra6 Nb6 23. Bxa8 Rxa8 24. c3 1-0

[Event "Novi Sad op U16"]
[Site "Novi Sad"]
[Date "2006.07.08"]
[Round "8"]
[White "Sarenac, Ivan"]
[Black "Aydogdu, Ataman"]
[Result "1-0"]
[WhiteElo "2162"]
[BlackElo "1986"]
[PlyCount "63"]
[EventDate "2006.07.01"]
[EventType "swiss"]
[EventRounds "9"]
[EventCountry "YUG"]
[SourceTitle "EXT 2011"]
[Source "ChessBase"]
[SourceDate "2010.11.26"]
[SourceVersion "1"]
[SourceVersionDate "2010.11.26"]
[SourceQuality "1"]

1. e4 c5 2. Nf3 d6 3. d4 cxd4 4. Nxd4 Nf6 5. Nc3 g6 6. Be3 Bg7 7. f3 0-0 8. Qd2 Nc6 9. 0-0-0 Be6 10. Nxe6 fxe6 11. g4 Ne5 12. Be2 Qa5 13. Kb1 Rfc8 14. h4 Nc4 15. Bxc4 Rxc4 16. Ne2 Qe5 17. Bd4 Qb5 18. h5 Rac8 19. c3 e5 20. Be3 d5 21. g5 d4 22. gxf6 dxe3 23. f7+ Kxf7 24. hxg6+ hxg6 25. Qxe3 Ra4 26. Rd5 Qa6 27. Nc1 Rc6 28. Qg5 b5 29. Rh7 Kg8 30. Rxg7+ Kxg7 31. Qxe7+ Kh6 32. Qh4+ 1-0

[Event "EU-ch U14"]
[Site "Urgup"]
[Date "2004.07.??"]
[Round "4"]
[White "Baldauf, Marco"]
[Black "Aydogdu, Ataman"]
[Result "1-0"]
[WhiteElo "2161"]
[BlackElo "1974"]
[PlyCount "79"]
[EventDate "2004.08.??"]
[EventType "swiss"]
[EventRounds "9"]
[EventCountry "TUR"]
[SourceTitle "EXT 2005"]
[Source "ChessBase"]
[SourceDate "2004.11.15"]
[SourceVersion "1"]
[SourceVersionDate "2004.11.15"]
[SourceQuality "1"]

1. b3 e5 2. Bb2 Nc6 3. c4 d6 4. g3 Be6 5. Nc3 f5 6. Bg2 Qd7 7. e3 Nf6 8. Nge2 d5 9. d4 Rd8 10. dxe5 Nxe5 11. Nxd5 Bxd5 12. cxd5 Nxd5 13. 0-0 Qe6 14. Qc2 c6 15. Nd4 Qf6 16. Nxf5 g6 17. Nh4 Bg7 18. Rab1 Qe7 19. e4 Nb4 20. Qe2 Qc5 21. Kh1 0-0 22. f4 Ned3 23. Bxg7 Kxg7 24. Nf3 Nc2 25. Ng5 Rfe8 26. Rbd1 Qc3 27. Rf3 Nce1 28. Re3 Qc5 29. Rdxd3 Nxd3 30. Rxd3 Qb5 31. Bf1 Rxd3 32. Qxd3 h6 33. Nf3 Rd8 34. Ne5 Kf6 35. Kg2 h5 36. Kf3 a6 37. Ke3 Kg7 38. Nf3 Rd7 39. e5 Kf7 40. Nh4 1-0